| 000 | 00500nam a22001817a 4500 | ||
|---|---|---|---|
| 999 |
_c6135 _d6135 |
||
| 003 | AR-CdUCM | ||
| 008 | 190313b ||||| |||| 00| 0 spa d | ||
| 040 |
_aMUNICIPALIDAD PROVINCIAL DEL CUSCO _cBIBLIOTECA MUNICIPAL DEL CUSCO |
||
| 082 |
_a869.56 / _bW32 |
||
| 100 |
_aWatanabe, José _917790 |
||
| 245 | _aÁlbum de familia / | ||
| 260 |
_aTrujillo : _bAusonia, _c1971. |
||
| 300 |
_a34 páginas ; _c19 cm. |
||
| 505 | _aPoesía. | ||
| 650 |
_aPoesía. _9139 |
||
| 942 |
_2ddc _cLIBROS |
||
| 945 | _awfj | ||